[Event "WchT Seniors 65"]
[Site "Struga"]
[Date "2023.09.23"]
[Round "5.4"]
[White "Santolini, Luigi"]
[Black "Brait, Wolfgang"]
[Result "1-0"]
[WhiteElo "2178"]
[BlackElo "1880"]
[PlyCount "97"]
[EventDate "2023.09.19"]
[EventType "team-swiss"]
[EventRounds "9"]
[EventCountry "MKD"]
[SourceTitle "EXT 2024"]
[Source "ChessBase"]
[SourceDate "2023.10.10"]
[SourceVersion "1"]
[SourceVersionDate "2023.10.10"]
[SourceQuality "1"]
[WhiteTeam "Italy 65"]
[BlackTeam "Switzerland Riehen 65"]
[WhiteTeamCountry "ITA"]
[BlackTeamCountry "SUI"]

1. d4 Nf6 2. g3 d5 3. Nf3 c5 4. Bg2 e6 5. 0-0 Nc6 6. c4 Bd7 7. cxd5 exd5 8. Nc3 Be6 9. Bg5 cxd4 10. Nxd4 Bc5 11. Nxc6 bxc6 12. Rc1 Be7 13. Na4 Rc8 14. Be3 Rc7 15. Bc5 0-0 16. Qd4 Bxc5 17. Nxc5 Qc8 18. Qa4 Bh3 19. e3 Bxg2 20. Kxg2 Qe8 21. Rc2 Nd7 22. Nxd7 Qxd7 23. Rfc1 Rfc8 24. Rc5 h5 25. h4 g6 26. Qd4 Qe7 27. b4 Qd6 28. Qc3 f6 29. b5 Kf7 30. bxc6 Ke6 31. Qc2 f5 32. f4 Rd8 33. Qb3 Rdc8 34. Qc3 Rd8 35. Rd1 Kf7 36. Qa5 Qe7 37. Rcxd5 Qe4+ 38. Kf2 Rxd5 39. Qxd5+ Qxd5 40. Rxd5 Rxc6 41. Rd7+ Ke6 42. Rxa7 Kd5 43. Ra4 Re6 44. Rd4+ Kc5 45. Kf3 Ra6 46. a4 Rb6 47. a5 Rb3 48. Ra4 Kb5 49. a6 1-0

[Event "Venice Autumn op 26th"]
[Site "Venice"]
[Date "2019.11.03"]
[Round "4"]
[White "Santolini, Luigi"]
[Black "Lazic, Miroljub"]
[Result "1/2-1/2"]
[WhiteElo "2234"]
[BlackElo "2409"]
[PlyCount "119"]
[EventDate "2019.11.01"]
[EventType "swiss"]
[EventRounds "5"]
[EventCountry "ITA"]
[SourceTitle "CBM 192 Extra"]
[Source "Chessbase"]
[SourceDate "2019.11.06"]
[SourceVersion "1"]
[SourceVersionDate "2019.11.06"]
[SourceQuality "1"]

1. d4 d5 2. c4 dxc4 3. Nf3 Nf6 4. e3 Bg4 5. Bxc4 e6 6. Nc3 Nc6 7. 0-0 Bd6 8. b3 0-0 9. Bb2 a6 10. Rc1 Qe7 11. Be2 Rad8 12. Nd2 Bxe2 13. Qxe2 Bb4 14. Nce4 Nd5 15. Nf3 Rfe8 16. Nc5 Bxc5 17. Rxc5 e5 18. Rxc6 bxc6 19. Nxe5 Ra8 20. Rc1 a5 21. Nxc6 Qe4 22. Qf3 Qe6 23. a3 f6 24. Rc5 Nb6 25. Nxa5 Rxa5 26. Rxa5 Qxb3 27. Qe2 Nc4 28. Rc5 Nxb2 29. Rb5 Qd1+ 30. Qxd1 Nxd1 31. Kf1 Nc3 32. Rc5 Nb1 33. a4 Ra8 34. a5 Nd2+ 35. Ke2 Ne4 36. Rxc7 Rxa5 37. Kf3 Nd2+ 38. Kg3 Rg5+ 39. Kh3 Rh5+ 40. Kg3 Rg5+ 41. Kh3 Ne4 42. Rc2 Ra5 43. f3 Nd6 44. Kg3 Nf5+ 45. Kf2 Ra3 46. Re2 h5 47. d5 Rd3 48. e4 Nd4 49. Ra2 h4 50. h3 f5 51. e5 f4 52. Ra8+ Kh7 53. Rf8 Rd2+ 54. Kf1 Kg6 55. e6 Nf5 56. Rxf5 Kxf5 57. e7 Rd1+ 58. Kf2 Rd2+ 59. Kf1 Rd1+ 60. Ke2 1/2-1/2

[Event "Venice Autumn op 26th"]
[Site "Venice"]
[Date "2019.11.02"]
[Round "2"]
[White "Santolini, Luigi"]
[Black "Basso, Pier Luigi"]
[Result "1/2-1/2"]
[WhiteElo "2234"]
[BlackElo "2563"]
[PlyCount "200"]
[EventDate "2019.11.01"]
[EventType "swiss"]
[EventRounds "5"]
[EventCountry "ITA"]
[SourceTitle "CBM 192 Extra"]
[Source "Chessbase"]
[SourceDate "2019.11.06"]
[SourceVersion "1"]
[SourceVersionDate "2019.11.06"]
[SourceQuality "1"]

1. d4 g6 2. e4 Bg7 3. Be3 c6 4. Qd2 d5 5. e5 f6 6. f4 Nh6 7. Nf3 Bg4 8. Be2 Nf5 9. Bf2 0-0 10. h3 Bxf3 11. Bxf3 fxe5 12. fxe5 Bh6 13. Qe2 Na6 14. 0-0 Qb6 15. c3 Nc7 16. Na3 Ne6 17. g3 Rf7 18. Bg2 Raf8 19. Rad1 Nfg7 20. b3 Qa5 21. Nb1 Ng5 22. Be3 Nf5 23. Bf4 Ne4 24. Bxe4 dxe4 25. Bxh6 Nxh6 26. g4 Rf3 27. Rxf3 exf3 28. Qc4+ Kg7 29. a4 e6 30. Rf1 Qd8 31. Qd3 Qd5 32. Nd2 f2+ 33. Rxf2 Rxf2 34. Kxf2 Qh1 35. Qf3 Qh2+ 36. Ke3 Ng8 37. Ne4 Qc2 38. b4 b6 39. Qf2 Qc1+ 40. Ke2 Qc2+ 41. Kf3 Qd3+ 42. Qe3 Qd1+ 43. Kg3 h6 44. Nd6 Qxa4 45. Qf3 Qa1 46. Qxc6 Qg1+ 47. Qg2 Qe3+ 48. Qf3 Qg1+ 49. Qg2 Qe3+ 50. Kh2 Qf4+ 51. Qg3 Qd2+ 52. Kg1 a5 53. bxa5 bxa5 54. Qf3 Qc1+ 55. Kg2 Qb2+ 56. Kg3 Qb1 57. Qb7+ Qxb7 58. Nxb7 a4 59. Nc5 a3 60. Nxe6+ Kf7 61. Nc5 a2 62. Nb3 Ne7 63. Kf3 Nd5 64. c4 Nb6 65. c5 Nc4 66. Na1 Ke6 67. Ke4 Nd2+ 68. Kd3 Nf3 69. c6 Ke7 70. Kc4 Ng5 71. d5 Nf3 72. d6+ Ke6 73. c7 Nxe5+ 74. Kc5 Kd7 75. Kd5 Nf3 76. Nb3 Kc8 77. Kc6 Ne5+ 78. Kd5 Nf3 79. Kc6 Ne5+ 80. Kb6 h5 81. gxh5 gxh5 82. Kb5 Nf7 83. Kc6 Ne5+ 84. Kd5 Nd7 85. Na1 h4 86. Ke6 Nb6 87. Nb3 Nd7 88. Ke7 Nb6 89. Ke6 Nd7 90. Ke7 Ne5 91. Ke8 Nd7 92. Na1 Nb6 93. Ke7 Nd5+ 94. Ke6 Nxc7+ 95. dxc7 Kxc7 96. Kd5 Kd7 97. Nc2 Ke7 98. Ke5 Kd7 99. Kd5 Ke7 100. Ke4 Ke6 1/2-1/2

[Event "Venice Autumn op 25th"]
[Site "Venice"]
[Date "2018.11.03"]
[Round "3"]
[White "Legky, Nikolay A"]
[Black "Santolini, Luigi"]
[Result "1/2-1/2"]
[WhiteElo "2414"]
[BlackElo "2216"]
[PlyCount "88"]
[EventDate "2018.11.01"]
[EventType "swiss"]
[EventRounds "5"]
[EventCountry "ITA"]
[SourceTitle "CBM 187 Extra"]
[Source "ChessBase"]
[SourceDate "2018.11.04"]
[SourceVersion "1"]
[SourceVersionDate "2018.11.04"]
[SourceQuality "1"]

1. d4 e6 2. Nf3 d5 3. Bf4 Nf6 4. e3 c5 5. c3 Qb6 6. Qc2 Nc6 7. Nbd2 cxd4 8. exd4 Bd7 9. Bd3 Rc8 10. Qb1 Nh5 11. Be3 f5 12. g3 Qc7 13. Nb3 Bd6 14. Qd1 Nf6 15. Nc1 f4 16. Bd2 0-0 17. Ne2 Ne4 18. Bxf4 Bxf4 19. Nxf4 Rxf4 20. gxf4 Qxf4 21. Be2 e5 22. dxe5 Bg4 23. Qc1 Qxc1+ 24. Rxc1 Rf8 25. Nd4 Bxe2 26. Nxe2 Nxe5 27. 0-0 Nf3+ 28. Kg2 Nfd2 29. f3 Nxf1 30. Rxf1 Nd2 31. Rf2 Nc4 32. Nd4 Ne3+ 33. Kg1 Nf5 34. Nc2 Nh4 35. f4 Ng6 36. f5 Nh4 37. Ne3 Re8 38. Nxd5 Re1+ 39. Rf1 Rxf1+ 40. Kxf1 Nxf5 41. Ke2 Kf7 42. Kd3 Ke6 43. Ke4 Nd6+ 44. Kd4 Nf5+ 1/2-1/2

[Event "Treviso op-A 1st"]
[Site "Treviso"]
[Date "2017.03.19"]
[Round "5.6"]
[White "Di Benedetto, Edoardo"]
[Black "Santolini, Luigi"]
[Result "1/2-1/2"]
[WhiteElo "2254"]
[BlackElo "2208"]
[PlyCount "100"]
[EventDate "2017.03.17"]
[EventType "swiss"]
[EventRounds "5"]
[EventCountry "ITA"]
[SourceTitle "EXT 2024"]
[Source "ChessBase"]
[SourceDate "2023.10.10"]
[SourceVersion "1"]
[SourceVersionDate "2023.10.10"]
[SourceQuality "1"]

1. e4 e6 2. d4 d5 3. Nc3 Nf6 4. Bg5 Bb4 5. e5 h6 6. Bd2 Bxc3 7. bxc3 Ne4 8. Qg4 g6 9. Bd3 Nxd2 10. Kxd2 c5 11. Nf3 c4 12. Be2 Bd7 13. h4 Bc6 14. Qf4 Nd7 15. Nh2 Qe7 16. Ng4 h5 17. Nf6+ Nxf6 18. exf6 Qd7 19. Qe5 0-0-0 20. g4 hxg4 21. Bxg4 Qc7 22. f4 Rdg8 23. Rh2 Qxe5 24. fxe5 Rh6 25. Rah1 Rgh8 26. h5 Kd8 27. Ke3 gxh5 28. Bxh5 Ba4 29. Kd2 Be8 30. Rh3 Ba4 31. Kc1 Be8 32. R1h2 Bc6 33. Kb2 Kd7 34. Ka3 a5 35. Kb2 Kd8 36. Kc1 R6h7 37. Kd2 Ba4 38. Rh1 Bc6 39. Bg4 Rxh3 40. Rxh3 Rxh3 41. Bxh3 Ke8 42. a3 Ba4 43. Bg4 Bd7 44. Ke3 Ba4 45. Bd1 Kf8 46. Kf4 Bd7 47. Kg5 Ba4 48. Kh6 Bd7 49. Kh7 Ba4 50. Kh8 Bd7 1/2-1/2

[Event "Venice Autumn op 23rd"]
[Site "Venice"]
[Date "2016.10.30"]
[Round "2"]
[White "Santolini, Luigi"]
[Black "Vianello, Enrico"]
[Result "0-1"]
[WhiteElo "2184"]
[BlackElo "2170"]
[PlyCount "142"]
[EventDate "2016.10.29"]
[EventType "swiss"]
[EventRounds "6"]
[EventCountry "ITA"]
[SourceTitle "CBM 175 Extra"]
[Source "ChessBase"]
[SourceDate "2016.12.12"]
[SourceVersion "1"]
[SourceVersionDate "2016.12.12"]
[SourceQuality "1"]

1. e4 c5 2. Nf3 e6 3. d4 cxd4 4. Nxd4 Nc6 5. Nc3 Qc7 6. Be2 a6 7. Be3 Nf6 8. a3 Be7 9. 0-0 0-0 10. f4 d6 11. Kh1 Nxd4 12. Bxd4 b5 13. Qe1 Bb7 14. Qg3 Rad8 15. Rae1 Rd7 16. Bd3 Re8 17. Re3 Qd8 18. Qh3 g6 19. Rg3 Bf8 20. f5 e5 21. fxg6 hxg6 22. Be3 Nh7 23. Qg4 Bg7 24. Qe2 Bc6 25. a4 b4 26. Nd5 a5 27. Bb6 Qb8 28. Bxa5 Bxd5 29. exd5 Ra7 30. Qf2 Ree7 31. Bb6 Rxa4 32. Be3 Qa8 33. Rh3 Nf8 34. Bg5 f6 35. Bxf6 Rf7 36. Rf3 Qa7 37. Qxa7 Raxa7 38. Bg5 Rxf3 39. Rxf3 e4 40. Be3 Re7 41. Rxf8+ Kxf8 42. Bc4 Bxb2 43. Kg1 Rc7 44. Bb3 Rf7 45. h3 Be5 46. Bc4 Kg7 47. Bb3 Bc3 48. Bc4 Rf5 49. Bf2 Kf6 50. Bg3 Bd4+ 51. Kh1 Ke7 52. Be1 Bc3 53. Bg3 Kd7 54. Bb5+ Kc7 55. Bc4 Bd4 56. Be1 Bc5 57. Kh2 Kb6 58. Kg3 Ka5 59. c3 Ka4 60. cxb4 Bxb4 61. Bf2 Bd2 62. Bg1 Kb4 63. Ba6 Rxd5 64. Bb7 Rd3+ 65. Kg4 d5 66. h4 Kb5 67. Bh2 Kb6 68. Bc8 Kc5 69. Be6 Ra3 70. Bf7 Ra6 71. h5 gxh5+ 0-1

[Event "Padova op-A 18th"]
[Site "Padova"]
[Date "2015.12.15"]
[Round "3.25"]
[White "Di Chiara, Mauro"]
[Black "Santolini, Luigi"]
[Result "1/2-1/2"]
[WhiteElo "1933"]
[BlackElo "2156"]
[PlyCount "28"]
[EventDate "2015.12.13"]
[EventType "swiss"]
[EventRounds "9"]
[EventCountry "ITA"]
[SourceTitle "EXT 2024"]
[Source "ChessBase"]
[SourceDate "2023.10.10"]
[SourceVersion "1"]
[SourceVersionDate "2023.10.10"]
[SourceQuality "1"]

1. Nf3 d5 2. d4 Nf6 3. c4 e6 4. Nc3 c5 5. cxd5 Nxd5 6. e3 Nxc3 7. bxc3 Be7 8. Bd3 0-0 9. 0-0 Nc6 10. Qe2 b6 11. Rd1 Qc7 12. Bb2 Bb7 13. Rac1 Rfe8 14. c4 Na5 1/2-1/2

[Event "Padova op-A 18th"]
[Site "Padova"]
[Date "2015.12.14"]
[Round "2.18"]
[White "Santolini, Luigi"]
[Black "Vezzosi, Paolo"]
[Result "0-1"]
[WhiteElo "2156"]
[BlackElo "2369"]
[PlyCount "80"]
[EventDate "2015.12.13"]
[EventType "swiss"]
[EventRounds "9"]
[EventCountry "ITA"]
[SourceTitle "EXT 2024"]
[Source "ChessBase"]
[SourceDate "2023.10.10"]
[SourceVersion "1"]
[SourceVersionDate "2023.10.10"]
[SourceQuality "1"]

1. d4 c5 2. d5 g6 3. e4 Bg7 4. Nf3 d6 5. c3 Nf6 6. Bd3 0-0 7. 0-0 e6 8. dxe6 Bxe6 9. h3 Nc6 10. Ng5 Qe7 11. f4 Rad8 12. Re1 h6 13. Nf3 d5 14. e5 Ne4 15. Qc2 Bf5 16. g4 Be6 17. Nbd2 Nxd2 18. Bxd2 c4 19. Bf1 Qd7 20. Be3 h5 21. gxh5 Bxh3 22. Bxh3 Qxh3 23. Qg2 Qxh5 24. Kf2 Qf5 25. Rad1 Rfe8 26. Rh1 b6 27. Rh3 Qc2+ 28. Rd2 Qe4 29. Re2 Rd7 30. Qh2 f6 31. Bd4 Qb1 32. e6 Rde7 33. Qg2 Rxe6 34. Rxe6 Qxb2+ 35. Kg3 Qxg2+ 36. Kxg2 Rxe6 37. Kf2 Ne7 38. Rh1 Re4 39. Be3 Nf5 40. Bd2 Bf8 0-1

[Event "Padova op-A 17th"]
[Site "Padova"]
[Date "2014.12.17"]
[Round "5.15"]
[White "Borgo, Giulio"]
[Black "Santolini, Luigi"]
[Result "1-0"]
[WhiteElo "2357"]
[BlackElo "2117"]
[PlyCount "85"]
[EventDate "2014.12.14"]
[EventType "swiss"]
[EventRounds "9"]
[EventCountry "ITA"]
[SourceTitle "EXT 2024"]
[Source "ChessBase"]
[SourceDate "2023.10.10"]
[SourceVersion "1"]
[SourceVersionDate "2023.10.10"]
[SourceQuality "1"]

1. e4 e6 2. d3 c5 3. Nf3 Nc6 4. Qe2 d6 5. c3 Qc7 6. Na3 a6 7. d4 cxd4 8. cxd4 d5 9. e5 Bb4+ 10. Bd2 Nge7 11. Nc2 Bxd2+ 12. Qxd2 0-0 13. Bd3 f6 14. exf6 Rxf6 15. 0-0 Bd7 16. Rae1 Be8 17. Ng5 Rh6 18. f4 Bd7 19. Be2 Rf8 20. Bg4 Nd8 21. g3 Rhf6 22. Rf3 h6 23. Rc3 Qb6 24. Nf3 Nec6 25. b3 Re8 26. Rce3 Nf7 27. Qc3 Nd6 28. Ne5 Bc8 29. Nxc6 bxc6 30. Nb4 Ne4 31. Qxc6 Qxc6 32. Nxc6 Rff8 33. Bh5 Bd7 34. Bxe8 Rxe8 35. Ne5 Rd8 36. Rc1 Be8 37. Re2 Rb8 38. Rec2 Rb4 39. Rc8 Nf6 40. g4 g5 41. fxg5 hxg5 42. Rf1 Kg7 43. Rc7+ 1-0

[Event "Padova Del Santo op 1st"]
[Site "Padova"]
[Date "2014.02.15"]
[Round "2"]
[White "Solomon, Kenny"]
[Black "Santolini, Luigi"]
[Result "1-0"]
[WhiteElo "2351"]
[BlackElo "2123"]
[PlyCount "73"]
[EventDate "2014.02.14"]
[EventType "swiss"]
[EventRounds "5"]
[EventCountry "ITA"]
[SourceTitle "EXT 2022"]
[Source "ChessBase"]
[SourceDate "2021.10.06"]
[SourceVersion "1"]
[SourceVersionDate "2021.10.06"]
[SourceQuality "1"]

1. d4 Nf6 2. c4 e6 3. Nf3 d5 4. Nc3 c5 5. cxd5 Nxd5 6. e3 cxd4 7. exd4 Nc6 8. Bd3 Be7 9. 0-0 0-0 10. Re1 Bf6 11. Be4 Nce7 12. h4 Bd7 13. Ng5 g6 14. h5 Bc6 15. hxg6 hxg6 16. Qg4 Kg7 17. Bd2 Nf5 18. Nf3 Rh8 19. Rad1 Rh5 20. g3 Nxc3 21. bxc3 Bxe4 22. Qxe4 Nd6 23. Qb1 Qc8 24. Bf4 Qc6 25. Qd3 Nc4 26. Qe4 Rc8 27. Rb1 Qxe4 28. Rxe4 b6 29. g4 Ra5 30. Re2 g5 31. Bc1 Kg6 32. Kg2 Nd6 33. Rb3 Rc4 34. Ba3 Nb5 35. Bb4 Ra4 36. Re5 Bxe5 37. Nxe5+ 1-0

[Event "Venice Autumn op 19th"]
[Site "Venice"]
[Date "2013.11.03"]
[Round "4"]
[White "Santolini, Luigi"]
[Black "Dappiano, Andrea"]
[Result "1/2-1/2"]
[WhiteElo "2104"]
[BlackElo "2194"]
[PlyCount "64"]
[EventDate "2013.11.01"]
[EventType "swiss"]
[EventRounds "5"]
[EventCountry "ITA"]
[SourceTitle "EXT 2015"]
[Source "ChessBase"]
[SourceDate "2014.11.20"]
[SourceVersion "1"]
[SourceVersionDate "2014.11.20"]
[SourceQuality "1"]

1. d4 e6 2. c4 Bb4+ 3. Bd2 a5 4. Nf3 Nf6 5. a3 Bxd2+ 6. Qxd2 d6 7. Nc3 Nc6 8. g3 Qe7 9. Bg2 e5 10. dxe5 Nxe5 11. Nxe5 dxe5 12. Nd5 Nxd5 13. cxd5 0-0 14. 0-0 Rd8 15. Qc3 Bg4 16. Rfe1 e4 17. Rac1 Rd7 18. Qc4 Bf5 19. Qb5 Qe5 20. Qxb7 Rad8 21. Rc5 Rxd5 22. Rxd5 Qxd5 23. Qxc7 Qd2 24. Qc1 h5 25. h4 Qxc1 26. Rxc1 Rd2 27. Rc5 g6 28. Rxa5 Rxb2 29. e3 Rb1+ 30. Kh2 Rb2 31. Kg1 Rb1+ 32. Kh2 Rb2 1/2-1/2

[Event "Venice Autumn op 19th"]
[Site "Venice"]
[Date "2013.11.02"]
[Round "2"]
[White "Genocchio, Daniele"]
[Black "Santolini, Luigi"]
[Result "1-0"]
[WhiteElo "2411"]
[BlackElo "2104"]
[PlyCount "97"]
[EventDate "2013.11.01"]
[EventType "swiss"]
[EventRounds "5"]
[EventCountry "ITA"]
[SourceTitle "EXT 2015"]
[Source "ChessBase"]
[SourceDate "2014.11.20"]
[SourceVersion "1"]
[SourceVersionDate "2014.11.20"]
[SourceQuality "1"]

1. e4 e6 2. d4 d5 3. e5 c5 4. c3 Qb6 5. Nf3 Nc6 6. Bd3 Nh6 7. 0-0 cxd4 8. cxd4 Nf5 9. Bxf5 exf5 10. Nc3 Be6 11. b3 h6 12. Na4 Qd8 13. Bb2 Rc8 14. Rc1 Be7 15. Qe2 0-0 16. Rc2 b6 17. a3 Na5 18. Rxc8 Qxc8 19. Nd2 Qd7 20. Nc3 Rc8 21. Rc1 Bg5 22. Ncb1 Rxc1+ 23. Bxc1 Qc6 24. Qd1 Bc8 25. b4 Bxd2 26. Nxd2 Nb7 27. Nf1 Nd8 28. Ng3 Qc4 29. Be3 Nc6 30. Nh5 Qc3 31. h4 Be6 32. Nxg7 Kxg7 33. Qh5 Kf8 34. Qxh6+ Ke7 35. Qf4 Qxa3 36. h5 Nd8 37. h6 Qa1+ 38. Kh2 Qd1 39. f3 f6 40. exf6+ Kd7 41. Bf2 Nf7 42. Qb8 Qc1 43. Bg3 Nd8 44. Qxa7+ Kc8 45. Qb8+ Kd7 46. Bf4 Qc3 47. h7 Nf7 48. Qb7+ Kd8 49. Qe7+ 1-0

[Event "Mogliano Veneto op-A 34th"]
[Site "Mogliano Veneto"]
[Date "2013.04.28"]
[Round "5"]
[White "Santolini, Luigi"]
[Black "Roberti, Ignazio"]
[Result "1-0"]
[WhiteElo "2142"]
[BlackElo "1902"]
[PlyCount "109"]
[EventDate "2013.04.25"]
[EventType "swiss"]
[EventRounds "6"]
[EventCountry "ITA"]
[SourceTitle "EXT 2015"]
[Source "ChessBase"]
[SourceDate "2014.11.20"]
[SourceVersion "1"]
[SourceVersionDate "2014.11.20"]
[SourceQuality "1"]

1. e4 c5 2. c3 d5 3. exd5 Qxd5 4. d4 Nf6 5. Nf3 Nc6 6. Be2 e6 7. 0-0 Be7 8. Na3 0-0 9. Nb5 Qd8 10. dxc5 Bxc5 11. b4 Be7 12. Qb3 a6 13. Rd1 Nd5 14. Nbd4 Qc7 15. Bd2 Bf6 16. Nxc6 Qxc6 17. Rac1 e5 18. c4 Ne7 19. Be3 Be6 20. Bc5 Rfe8 21. Qe3 Nf5 22. Qa3 Rac8 23. g4 Nh4 24. Nxh4 Bxh4 25. Bf3 e4 26. Rd6 Qc7 27. Bxe4 Bxg4 28. Qd3 h5 29. h3 Be6 30. Qf3 g6 31. Bxb7 Rcd8 32. Rxa6 Qe5 33. Be3 Be7 34. c5 Rd3 35. Be4 Rc3 36. Rd1 Bxh3 37. Bxg6 Be6 38. Be4 Qg7+ 39. Qg2 Bg4 40. Bd4 Qg5 41. Bxc3 Bxd1 42. Qxg5+ Bxg5 43. f3 Be3+ 44. Kg2 Be2 45. Ra8 Rxa8 46. Bxa8 Bb5 47. Be5 Kf8 48. c6 Ke7 49. Bb7 Ke6 50. c7 Bd7 51. Bb2 Bd2 52. b5 Bb4 53. c8Q Bxc8 54. Bxc8+ Kd5 55. b6 1-0

[Event "Mogliano Veneto op-A 34th"]
[Site "Mogliano Veneto"]
[Date "2013.04.25"]
[Round "1"]
[White "Barp, Alberto"]
[Black "Santolini, Luigi"]
[Result "1-0"]
[WhiteElo "1911"]
[BlackElo "2142"]
[PlyCount "75"]
[EventDate "2013.04.25"]
[EventType "swiss"]
[EventRounds "6"]
[EventCountry "ITA"]
[SourceTitle "EXT 2015"]
[Source "ChessBase"]
[SourceDate "2014.11.20"]
[SourceVersion "1"]
[SourceVersionDate "2014.11.20"]
[SourceQuality "1"]

1. d4 Nf6 2. c4 c5 3. d5 b5 4. cxb5 a6 5. bxa6 g6 6. Nc3 Bxa6 7. g3 Bg7 8. Bg2 d6 9. Nf3 0-0 10. 0-0 Nfd7 11. Qc2 Nb6 12. Rd1 Nc4 13. Nd2 Qa5 14. Nxc4 Bxc4 15. Qe4 Bxc3 16. bxc3 Qa4 17. Bg5 Re8 18. Rdb1 Ra7 19. Rb2 Nd7 20. Rab1 Qa6 21. Bxe7 Bxd5 22. Qxd5 Rxe7 23. e3 Nf6 24. Qg5 Kg7 25. Rb6 Qxa2 26. Rd1 Ra6 27. Rdxd6 Qa1+ 28. Bf1 Ne4 29. Qxe7 Rxb6 30. Rd7 Nf6 31. Qxf7+ Kh6 32. Qf8+ Kh5 33. Qxc5+ Kh6 34. Qf8+ Kh5 35. g4+ Kg5 36. h4+ Kxg4 37. Rd4+ Kh5 38. Qc5+ 1-0

[Event "Padova op 15th"]
[Site "Padova"]
[Date "2012.12.18"]
[Round "3"]
[White "Petkov, Vladimir"]
[Black "Santolini, Luigi"]
[Result "1-0"]
[WhiteElo "2567"]
[BlackElo "2144"]
[PlyCount "83"]
[EventDate "2012.12.16"]
[EventType "swiss"]
[EventRounds "9"]
[EventCountry "ITA"]
[SourceTitle "EXT 2014"]
[Source "ChessBase"]
[SourceDate "2013.11.20"]
[SourceVersion "1"]
[SourceVersionDate "2013.11.20"]
[SourceQuality "1"]

1. d4 Nf6 2. c4 c5 3. d5 e6 4. Nc3 exd5 5. cxd5 d6 6. e4 g6 7. f4 Bg7 8. Bb5+ Nfd7 9. Nf3 0-0 10. 0-0 a6 11. Bd3 b5 12. Kh1 Bb7 13. a3 Nf6 14. f5 Nbd7 15. Bg5 Qc7 16. Qe1 h6 17. Bd2 g5 18. Qg3 Rfe8 19. Rae1 Ne5 20. Nxe5 Rxe5 21. Nd1 Rae8 22. Nf2 Kh7 23. h4 gxh4 24. Qxh4 Qe7 25. Qh3 Qf8 26. Bc3 R5e7 27. Bc2 Kh8 28. b4 cxb4 29. Bxb4 Rc7 30. Bb1 Rc4 31. e5 Nxd5 32. Bxd6 Qg8 33. Ne4 Rc6 34. f6 Bf8 35. Bxf8 Qxf8 36. Nd6 Rxd6 37. exd6 Rxe1 38. Rxe1 Nxf6 39. d7 Qd8 40. Qxh6+ Kg8 41. Bh7+ Kh8 42. Bg6+ 1-0

[Event "Padova op 15th"]
[Site "Padova"]
[Date "2012.12.16"]
[Round "1"]
[White "Solodovnichenko, Yuri"]
[Black "Santolini, Luigi"]
[Result "1/2-1/2"]
[WhiteElo "2557"]
[BlackElo "2144"]
[PlyCount "215"]
[EventDate "2012.12.16"]
[EventType "swiss"]
[EventRounds "9"]
[EventCountry "ITA"]
[SourceTitle "EXT 2014"]
[Source "ChessBase"]
[SourceDate "2013.11.20"]
[SourceVersion "1"]
[SourceVersionDate "2013.11.20"]
[SourceQuality "1"]

1. g3 Nf6 2. Bg2 e6 3. e4 d5 4. e5 Nfd7 5. f4 c5 6. Nf3 Nc6 7. 0-0 Be7 8. d3 Qc7 9. c4 d4 10. Nbd2 b6 11. Ne4 h6 12. f5 exf5 13. Nd6+ Bxd6 14. exd6 Qxd6 15. Bf4 Qf6 16. Ne5 Ndxe5 17. Bxe5 Nxe5 18. Bxa8 0-0 19. h3 Qg5 20. Kh2 Qe3 21. b3 Qxd3 22. Qxd3 Nxd3 23. Rad1 Ne5 24. Bd5 Kh7 25. Rde1 f6 26. g4 g6 27. Kg3 Kg7 28. gxf5 Bxf5 29. h4 h5 30. Rf2 Rd8 31. Rd2 Rd7 32. Red1 Ng4 33. Re1 Ne3 34. Bf3 Re7 35. Rc1 Be4 36. Re1 Re5 37. Kf4 Bxf3 38. Kxf3 Nxc4 39. Rde2 Ne3 40. Rd2 g5 41. hxg5 fxg5 42. b4 Kf6 43. bxc5 bxc5 44. Rb1 Kf5 45. a4 g4+ 46. Kg3 Kg5 47. a5 c4 48. a6 Ra5 49. Kh2 d3 50. Re1 Re5 51. Kg1 Kf4 52. Ra1 Ke4 53. Ra4 Kd4 54. Rf2 Rb5 55. Kh2 Kc3 56. Ra3+ Rb3 57. Raa2 d2 58. Raxd2 Nf1+ 59. Rxf1 Kxd2 60. Rf7 Rh3+ 61. Kg2 Ra3 62. Rxa7 c3 63. Rd7+ Kc1 64. a7 h4 65. Kf2 c2 66. Kg2 Kb1 67. Rb7+ Ka1 68. Rc7 Ra2 69. Kg1 Kb2 70. Rb7+ Kc3 71. Rc7+ Kd3 72. Rd7+ Ke4 73. Rc7 Kd3 74. Rd7+ Kc3 75. Rc7+ Kb2 76. Rb7+ Ka1 77. Rc7 Kb1 78. Rb7+ Kc1 79. Rd7 Ra1 80. Kf2 Ra3 81. Kg2 Kb1 82. Rb7+ Ka2 83. Rc7 Kb2 84. Rb7+ Kc3 85. Rc7+ Kd3 86. Rd7+ Ke4 87. Re7+ Kf5 88. Rf7+ Kg6 89. Rc7 Rxa7 90. Rxc2 Rf7 91. Rc8 Kg5 92. Rg8+ Kf4 93. Ra8 Rf5 94. Rb8 h3+ 95. Kh2 Kg5 96. Rg8+ Kh4 97. Rh8+ Rh5 98. Rg8 Re5 99. Rh8+ Kg5 100. Rg8+ Kf4 101. Rf8+ Rf5 102. Rb8 Rd5 103. Rf8+ Ke4 104. Kg3 Rd1 105. Rf4+ Ke3 106. Rxg4 Rg1+ 107. Kxh3 Rxg4 108. Kxg4 1/2-1/2

[Event "Chioggia op-A 07th"]
[Site "Chioggia"]
[Date "2012.10.13"]
[Round "2"]
[White "Santolini, Luigi"]
[Black "Dragojlovic, Andjelko"]
[Result "0-1"]
[WhiteElo "2157"]
[BlackElo "2350"]
[PlyCount "64"]
[EventDate "2012.10.12"]
[EventType "swiss"]
[EventRounds "5"]
[EventCountry "ITA"]
[SourceTitle "EXT 2014"]
[Source "ChessBase"]
[SourceDate "2013.11.20"]
[SourceVersion "1"]
[SourceVersionDate "2013.11.20"]
[SourceQuality "1"]

1. e4 c5 2. Nf3 g6 3. d4 cxd4 4. Nxd4 Bg7 5. Nc3 Nc6 6. Nb3 Nf6 7. Be2 0-0 8. 0-0 d6 9. Bg5 Be6 10. f4 b5 11. Bf3 b4 12. Nd5 Bxd5 13. exd5 Na5 14. Nxa5 Qxa5 15. Re1 Rfe8 16. f5 Rac8 17. fxg6 hxg6 18. a3 e5 19. Qd2 Qc5+ 20. Be3 Bh6 21. axb4 Bxe3+ 22. Qxe3 Qxe3+ 23. Rxe3 Rxc2 24. Rxa7 Rxb2 25. Ra5 Rxb4 26. Rc3 Rb2 27. Kf1 e4 28. Be2 Re5 29. Bc4 Rf5+ 30. Ke1 Rff2 31. Bf1 Ng4 32. Rb5 Rxf1+ 0-1